Religion and state in the kingdom of Saudi Arabia (Record no. 1566)
[ view plain ]
| 000 -LEADER | |
|---|---|
| fixed length control field | nam a22 a 4500 |
| 005 - DATE AND TIME OF LATEST TRANSACTION | |
| control field | 20170511092439.0 |
| 008 - FIXED-LENGTH DATA ELEMENTS--GENERAL INFORMATION | |
| fixed length control field | 170511s1985 - |b 001 | eng d |
| 020 ## - INTERNATIONAL STANDARD BOOK NUMBER | |
| International Standard Book Number | 0813300584 |
| 040 ## - CATALOGING SOURCE | |
| Original cataloging agency | AKMAL |
| 082 ## - DEWEY DECIMAL CLASSIFICATION NUMBER | |
| Classification number | 322.1095 YAS |
| 090 ## - LOCALLY ASSIGNED LC-TYPE CALL NUMBER (OCLC); LOCAL CALL NUMBER (RLIN) | |
| Classification number (OCLC) (R) ; Classification number, CALL (RLIN) (NR) | 322.1095 |
| Local cutter number (OCLC) ; Book number/undivided call number, CALL (RLIN) | YAS |
| 100 1# - MAIN ENTRY--PERSONAL NAME | |
| Personal name | Al-Yassini, Ayman. |
| 9 (RLIN) | 3165 |
| 245 ## - TITLE STATEMENT | |
| Title | Religion and state in the kingdom of Saudi Arabia |
| Statement of responsibility, etc. | Ayman Al-Yassini. |
| 260 ## - PUBLICATION, DISTRIBUTION, ETC. | |
| Place of publication, distribution, etc. | Boulder, Colo |
| Name of publisher, distributor, etc. | Westview Press |
| Date of publication, distribution, etc. | 1985. |
| 300 ## - PHYSICAL DESCRIPTION | |
| Extent | xii, 171 p. ; |
| Dimensions | 24 cm |
| 490 0# - SERIES STATEMENT | |
| Series statement | Westview special studies on the Middle East |
| 500 ## - GENERAL NOTE | |
| General note | Includes index. |
| 504 ## - BIBLIOGRAPHY, ETC. NOTE | |
| Bibliography, etc. note | Bibliography: p. 153-162. |
| 650 0# - SUBJECT ADDED ENTRY--TOPICAL TERM | |
| Topical term or geographic name entry element | Islam and state |
| Geographic subdivision | Saudi Arabia |
| 9 (RLIN) | 1865 |
| 651 0# - SUBJECT ADDED ENTRY--GEOGRAPHIC NAME | |
| Geographic name | Saudi Arabia |
| General subdivision | Politics and government |
| 9 (RLIN) | 3166 |
| 852 ## - LOCATION | |
| Location | British Library |
| Sublocation or collection | DSC |
| 942 ## - ADDED ENTRY ELEMENTS (KOHA) | |
| Source of classification or shelving scheme | |
| Koha item type | Book |
| Withdrawn status | Lost status | Source of classification or shelving scheme | Damaged status | Not for loan | Collection code | Home library | Current library | Shelving location | Date acquired | Inventory number | Total Checkouts | Full call number | Barcode | Date last seen | Price effective from | Koha item type |
|---|---|---|---|---|---|---|---|---|---|---|---|---|---|---|---|---|
| NON-FICTION | AKMAL Melaka | AKMAL Melaka | PINJAMAN | 11.05.2017 | 301532 | 322.1095 YAS | 201702914 | 11.05.2017 | 11.05.2017 | Book |
